00828 2200229 4500001002100000005001700021008004100038035002400079082001100103090002200114100003000136245012700166260002900293300003600322500014300358500002500501650002300526850001500549980001300564985000600577999001500583YOGYA-0209000003962220090227025507.0 ind  0010-020900000039622 a336.02 a336.02bKus PlSK aKUSUMANINGTYAS, Sri Retno aPeranan pajak bumi dan bangunan terhadap penerimaan daerah Kabupaten Dati II Bantulcdisusun oleh Sri Retno Kusumaningtyas aYogyakartab[s.n.]c1996 axi, 79, [7] lembarbilusc29 cm aSkripsi : Sekolah Tinggi Ilmu Ekonomi Kerjasama jurusan Ilmu Ekonomi dan studi Pembangunan Program Studi Keuangan dan Perbankan Yogyakarta aBibliografi : lembar aPenghasilan daerah aYOPDYOG(B) a31-01-08 a1 a07A0027955